| 000 | 01092nam a2200277Ia 4500 | ||
|---|---|---|---|
| 003 | OSt | ||
| 005 | 20220923211530.0 | ||
| 006 | a|||||r|||| 00| 0 | ||
| 007 | ta | ||
| 008 | 220922b |||||||| |||| 00| 0 san d | ||
| 020 |
_a9789381608272 (hbk) _c395 |
||
| 024 | _a281,738 | ||
| 037 |
_b183, 24/10/2014, Vidyanidhi Prakashan _cTextual |
||
| 040 |
_aARTS _cARTS _bsan |
||
| 041 |
_2san _asan |
||
| 082 | _aDelta2:864, 152Q4 | ||
| 100 |
_aपाठक, रामचन्द्र _9156270 |
||
| 245 | 0 | _aबृहज्ज्योतिषसार | |
| 246 | _aBṛuhajjyotiṣhasāra | ||
| 260 |
_aवाराणसी _b चौखम्भा संस्कृत संस्थान _c2014 |
||
| 300 |
_a310पृ0 _ccm. |
||
| 490 | _aकाशी संस्कृत ग्रन्थमाला; 350 | ||
| 650 | _aआध्यात्मिक अनुभव और रहस्यवाद | ||
| 942 |
_hDelta2:864, 152Q4 _cTEXL _2CC |
||
| 999 |
_c300503 _d300503 |
||